Najbogatsze państwa, które kiedykolwiek były komunistyczne - Statystyki

Ogólne statystyki
  • Ten quiz został rozwiązany 6 112 razy
  • Średni wynik to 8 z 10
Statystyki odpowiedzi
PKB per
capita
Państwa % Poprawnych
$47 070 Polska
99%
$49 060 Czechy
84%
$50 475 Litwa
84%
$45 122 Estonia
83%
$41 730 Łotwa
83%
$44 081 Słowacja
82%
$43 179 Rumunia
80%
$45 692 Węgry
78%
$45 702 Chorwacja
66%
$53 287 Słowenia
62%
Nie znaleziono quizów pasujących do podanych kryteriów
Rozkład punktacji
Procent ludzi z każdym wynikiem
Percentyl według liczby udzielonych odpowiedzi
Twoja historia wyników
Nie rozwiązałeś tego quizu